Research methods and statistical techniques / (Record no. 122718)

MARC details
000 -LEADER
fixed length control field 00802nam a22002417a 4500
005 - DATE AND TIME OF LATEST TRANSACTION
control field 20170124105914.0
010 ## - LIBRARY OF CONGRESS CONTROL NUMBER
LC control number B-160298
020 ## - INTERNATIONAL STANDARD BOOK NUMBER
Terms of availability 250.00
International Standard Book Number 9788176464451
035 ## - SYSTEM CONTROL NUMBER
System control number B-160298
037 ## - SOURCE OF ACQUISITION
Source of stock number/acquisition Cen Lib/Ret
040 ## - CATALOGING SOURCE
Original cataloging agency DPL
Language of cataloging EN
082 ## - DEWEY DECIMAL CLASSIFICATION NUMBER
Classification number 020.72
Item number RES
100 ## - MAIN ENTRY--PERSONAL NAME
Personal name P.S.G. Kumar
9 (RLIN) 1891
245 ## - TITLE STATEMENT
Title Research methods and statistical techniques /
Statement of responsibility, etc by P.S.G. Kumar
260 ## - PUBLICATION, DISTRIBUTION, ETC. (IMPRINT)
Place of publication, distribution, etc New Delhi
Name of publisher, distributor, etc B.R. Publishing Coperation
Date of publication, distribution, etc 2004
270 ## - ADDRESS
Address 425,Nimri Colony,Ashok Vihar, phase IV
City New Delhi
Postal code 110052
300 ## - PHYSICAL DESCRIPTION
Extent v, 620p.
Dimensions 23cm(pbk)
490 ## - SERIES STATEMENT
Series statement Kumar's curriculum series in library and information science ; no, 10
500 ## - GENERAL NOTE
General note Includes index
650 ## - SUBJECT ADDED ENTRY--TOPICAL TERM
Topical term or geographic name as entry element Library Science
9 (RLIN) 105262
650 ## - SUBJECT ADDED ENTRY--TOPICAL TERM
Topical term or geographic name as entry element Research-Library Science
9 (RLIN) 105263
942 ## - ADDED ENTRY ELEMENTS (KOHA)
Source of classification or shelving scheme Dewey Decimal Classification
Koha item type English Books
Classification part 020.72
Call number suffix RES
Holdings
Withdrawn status Lost status Damaged status Not for loan Collection code Home library Current library Date acquired Source of acquisition Cost, normal purchase price Total Checkouts Full call number Barcode Date last seen Copy number Cost, replacement price Price effective from Koha item type Source of classification or shelving scheme Total Renewals Date checked out
      Not For Loan Reference Central Library Central Library 29/05/2015 Cen Lib/Ret 250.00   020.72 RES B-160298 29/05/2015 1 250.00 29/05/2015 English Books      
        Non-fiction Central Library Central Library 17/03/2016 Cen Lib/Ret 250.00 4 020.72 RES B-160297 01/07/2021 1 250.00 17/03/2016 English Books Dewey Decimal Classification 6 08/06/2021

© Delhi Public Library
Hit Counter
free hit counter